000 00668nam a22002057a 4500
999 _c180665
_d180665
005 20210813121829.0
010 _aENG-129850
020 _c450.00
035 _aEN-113382
037 _bDBAD/PUB
082 _a641.3
100 _aKulkarni, P.H
245 _aFood For Health:
_cP.H. Kulkarni, Farida Sheriar Irani
250 _a2019
260 _bDeerghayu International
_c2019
_aPune
270 _a36, Kothrud Gaonthan, Opp. Mhatoba Temple, Bodhi Vruksha, Navagraha Maruti
_bPune
_e411038
_k91-020-25382130
_mdeerghayuinternational@gmail.com
300 _a286p.
_c22cm (pbk)
700 _aIrani, Farida Sheriar
942 _2ddc
_cEN
_h641.3
_kKUL